Exotic vegetables / (Record no. 38866)
[ view plain ]
| 000 -LEADER | |
|---|---|
| fixed length control field | 00850nam a22002537a 4500 |
| 005 - DATE AND TIME OF LATEST TRANSACTION | |
| control field | 20100803111259.0 |
| 010 ## - LCCN (DPL NO) | |
| LC control number | ENG-97778 |
| 020 ## - INTERNATIONAL STANDARD BOOK NUMBER | |
| International Standard Book Number | 9788185873442 |
| Terms of availability | 450.00 |
| 035 ## - SYSTEM CONTROL NUMBER | |
| System control number | EN-81311 |
| 037 ## - SOURCE OF ACQUISITION | |
| Source of stock number/acquisition | DBAD/PUB |
| 082 ## - DEWEY DECIMAL CLASSIFICATION NUMBER | |
| Classification number | 641.35 |
| 245 ## - TITLE STATEMENT | |
| Title | Exotic vegetables / |
| Statement of responsibility, etc | by U.K. Kohli...(et al) |
| 260 ## - PUBLICATION, DISTRIBUTION, ETC. (IMPRINT) | |
| Place of publication, distribution, etc | New Delhi |
| Name of publisher, distributor, etc | Westville Publishing House |
| Date of publication, distribution, etc | 2010 |
| 270 ## - ADDRESS | |
| Address | 47, B-5, Paschim Vihar, |
| City | New Delhi |
| Postal code | 110063 |
| 300 ## - PHYSICAL DESCRIPTION | |
| Extent | viii,111p. : |
| Other physical details | ill. |
| Dimensions | 24cm (Hb) |
| 500 ## - GENERAL NOTE | |
| General note | Includes bibliographical reference |
| 650 ## - SUBJECT ADDED ENTRY--TOPICAL TERM | |
| Topical term or geographic name as entry element | Tropical vegetables |
| 650 ## - SUBJECT ADDED ENTRY--TOPICAL TERM | |
| Topical term or geographic name as entry element | Cookery |
| 700 ## - ADDED ENTRY--PERSONAL NAME | |
| 9 (RLIN) | 4776 |
| 700 ## - ADDED ENTRY--PERSONAL NAME | |
| 9 (RLIN) | 4777 |
| 700 ## - ADDED ENTRY--PERSONAL NAME | |
| 9 (RLIN) | 4778 |
| 942 ## - ADDED ENTRY ELEMENTS (KOHA) | |
| Source of classification or shelving scheme | Dewey Decimal Classification |
| Item type | English Books |
| Classification part | 641.35 |
| Call number suffix | EXO |
| Withdrawn status | Lost status | Not for loan | Collection code | Home library | Current library | Date acquired | Source of acquisition | Cost, normal purchase price | Full call number | Barcode | Copy number | Cost, replacement price | Koha item type |
|---|---|---|---|---|---|---|---|---|---|---|---|---|---|
| Not For Loan | Non-fiction | D.B.Act.Division | D.B.Act.Division | 03/08/2010 | DBAD/PUB | 450.00 | 641.35 EXO | EN-81311 | 1 | 450.00 | English Books |
